[Event "Wch U18 Girls blitz"]
[Site "Terme Catez"]
[Date "2024.12.16"]
[Round "12"]
[White "Tokarz, Izabela"]
[Black "Maton, Emily"]
[Result "0-1"]
[WhiteElo "1959"]
[BlackElo "1962"]
[PlyCount "174"]
[EventDate "2024.12.16"]
[EventType "swiss (blitz)"]
[EventRounds "22"]
[EventCountry "SLO"]
[SourceTitle "CB51_2024"]
[SourceDate "2024.12.18"]
[SourceVersion "1"]
[SourceVersionDate "2024.12.18"]
[SourceQuality "1"]

1. d4 d5 2. c4 e6 3. Nc3 Nf6 4. Nf3 Bb4 5. Qa4+ Nc6 6. a3 Bxc3+ 7. bxc3 0-0 8. Bg5 h6 9. Bh4 dxc4 10. Qxc4 Qd5 11. Qd3 Nd7 12. e4 Qh5 13. Be2 Qg6 14. 0-0 Nf6 15. e5 Qxd3 16. Bxd3 Nd5 17. Rac1 Nf4 18. Bb5 Bd7 19. Bg3 Ng6 20. Rcd1 Ncxe5 21. Bxd7 Nxd7 22. Bxc7 Rfc8 23. Bd6 Rxc3 24. Rb1 b6 25. Bb4 Rc6 26. Rbd1 Rac8 27. d5 exd5 28. Rxd5 Nf6 29. Rd3 Nf4 30. Rd2 Ne4 31. Rd7 a5 32. Be7 Nc5 33. Rd2 Ng6 34. Bd6 Ne4 35. Rb2 Nxd6 36. Nd4 Rc4 37. Rd1 Rc1 38. Rbd2 Rxd1+ 39. Rxd1 Ne4 40. Nf5 Nf6 41. h4 h5 42. f3 Kf8 43. Rd6 b5 44. Rb6 Ne7 45. Nd4 Ned5 46. Rxb5 a4 47. Nf5 g6 48. Nd6 Rc1+ 49. Kh2 Kg7 50. Rb7 Rc7 51. Rb5 Nc3 52. Ra5 Rd7 53. Nc4 Rd4 54. Ne5 Rxh4+ 55. Kg3 Rd4 56. Ra7 h4+ 57. Kh2 Rf4 58. Rxf7+ Kg8 59. Rc7 Nfd5 60. Rc8+ Kg7 61. Ra8 Rf5 62. Ra7+ Kf6 63. Nd7+ Ke6 64. Nc5+ Kd6 65. Nd3 Kc6 66. Ra6+ Kb5 67. Rxg6 Nb1 68. Rg8 Nxa3 69. Rb8+ Kc6 70. Ra8 Nb6 71. Re8 Nac4 72. Re6+ Kd5 73. Re2 a3 74. Nb4+ Kc5 75. Nd3+ Kd4 76. Nb4 Rb5 77. Nc6+ Kc3 78. Re4 a2 79. Re1 Rb1 80. Re2 a1Q 81. Kh3 Rh1+ 82. Kg4 Qd1 83. Re4 Qd7+ 84. Kf4 Qxc6 85. g4 hxg3 86. Kxg3 Qg6+ 87. Kf4 Rh4# 0-1

[Event "Wch U18 Girls rapid"]
[Site "Terme Catez"]
[Date "2024.12.15"]
[Round "10"]
[White "Kiraly, Lilla Virag"]
[Black "Maton, Emily"]
[Result "1-0"]
[WhiteElo "1985"]
[BlackElo "1886"]
[PlyCount "168"]
[EventDate "2024.12.14"]
[EventType "swiss (rapid)"]
[EventRounds "11"]
[EventCountry "SLO"]
[SourceTitle "CB51_2024"]
[SourceDate "2024.12.18"]
[SourceVersion "1"]
[SourceVersionDate "2024.12.18"]
[SourceQuality "1"]

1. e4 c5 2. Nf3 Nc6 3. d4 cxd4 4. Nxd4 Nf6 5. Nc3 e6 6. Ndb5 Bc5 7. Bf4 0-0 8. Bc7 Qe7 9. Bd6 Bxd6 10. Qxd6 Qd8 11. 0-0-0 Qb6 12. Qg3 Ne8 13. h4 a6 14. Nd6 Nxd6 15. Rxd6 Qc5 16. Be2 Qe5 17. Qxe5 Nxe5 18. Na4 b5 19. Nc5 f6 20. Rd2 Ra7 21. Rhd1 Rc7 22. b4 Rf7 23. g3 Nc6 24. a3 e5 25. c3 g6 26. h5 Kg7 27. Rd6 Nd8 28. Kb2 Nb7 29. Nxa6 Nxd6 30. Nxc7 Nxe4 31. Rf1 Nd2 32. Rh1 Bb7 33. Rd1 Ne4 34. Ne8+ Kf8 35. Nd6 Nxd6 36. Rxd6 Bc6 37. a4 Ke7 38. Rd1 bxa4 39. b5 Bb7 40. Ka3 f5 41. Kxa4 f4 42. hxg6 hxg6 43. Bc4 Rf8 44. Re1 d6 45. Kb4 fxg3 46. fxg3 Rf3 47. Ra1 Kd8 48. Ra7 Be4 49. g4 Rf4 50. b6 Bd5 51. Rc7 Rxc4+ 52. Rxc4 Bxc4 53. Kxc4 Kc8 54. Kd5 Kb7 55. c4 Kxb6 56. Kxd6 e4 57. c5+ Kb5 58. c6 e3 59. c7 e2 60. c8Q e1Q 61. Qc5+ Ka4 62. Qc4+ Ka3 63. Qe6 Qg3+ 64. Ke7 Qh4+ 65. Kf7 Qh7+ 66. Kf6 Kb2 67. Kg5 Kc3 68. Qf6+ Kc4 69. Qxg6 Qe7+ 70. Qf6 Qc5+ 71. Kg6 Qc8 72. g5 Qg8+ 73. Qg7 Qe6+ 74. Kh7 Qh3+ 75. Kg8 Kd5 76. g6 Qc8+ 77. Qf8 Qh3 78. Qf7+ Ke5 79. Kf8 Qh8+ 80. Ke7 Qh4+ 81. Ke8 Qa4+ 82. Kf8 Qb4+ 83. Qe7+ Qxe7+ 84. Kxe7 Kd5 1-0

[Event "Wch U18 Girls rapid"]
[Site "Terme Catez"]
[Date "2024.12.15"]
[Round "7"]
[White "Maton, Emily"]
[Black "Striskova, Lucia"]
[Result "1/2-1/2"]
[WhiteElo "1886"]
[BlackElo "2074"]
[PlyCount "61"]
[EventDate "2024.12.14"]
[EventType "swiss (rapid)"]
[EventRounds "11"]
[EventCountry "SLO"]
[SourceTitle "CB51_2024"]
[SourceDate "2024.12.18"]
[SourceVersion "1"]
[SourceVersionDate "2024.12.18"]
[SourceQuality "1"]

1. d4 Nf6 2. Bf4 d5 3. Nf3 c5 4. e3 Nc6 5. c3 Qb6 6. Qb3 c4 7. Qxb6 axb6 8. Nbd2 Nh5 9. Bg3 Nxg3 10. hxg3 e6 11. Be2 Be7 12. 0-0 0-0 13. b3 b5 14. a4 bxa4 15. bxc4 dxc4 16. Nxc4 b5 17. Nb6 Rb8 18. Nxc8 Rfxc8 19. Rfb1 Na7 20. c4 a3 21. cxb5 Rc2 22. Bd3 Rc3 23. Bf1 h6 24. Ne5 Nc8 25. Nc4 Nb6 26. Ne5 Bd6 27. Nc6 Rb7 28. Na5 Rb8 29. Nc6 Rb7 30. Na5 Rb8 31. Nc6 1/2-1/2

[Event "Wch U18 Girls rapid"]
[Site "Terme Catez"]
[Date "2024.12.14"]
[Round "2"]
[White "Deak Sala, Emilia"]
[Black "Maton, Emily"]
[Result "1-0"]
[WhiteElo "2015"]
[BlackElo "1886"]
[PlyCount "89"]
[EventDate "2024.12.14"]
[EventType "swiss (rapid)"]
[EventRounds "11"]
[EventCountry "SLO"]
[SourceTitle "CB51_2024"]
[SourceDate "2024.12.18"]
[SourceVersion "1"]
[SourceVersionDate "2024.12.18"]
[SourceQuality "1"]

1. Nf3 c5 2. g3 Nc6 3. Bg2 g6 4. 0-0 Bg7 5. c4 Nf6 6. Nc3 0-0 7. b3 e5 8. Bb2 d6 9. d3 Be6 10. e4 a6 11. a3 Rb8 12. Nd5 b5 13. Qd2 bxc4 14. bxc4 Bxd5 15. cxd5 Na5 16. Rab1 Nb3 17. Qc2 Nd4 18. Nxd4 cxd4 19. Bc1 Rxb1 20. Qxb1 Nd7 21. f4 Qb8 22. Qc2 Nc5 23. fxe5 Bxe5 24. Bf4 Bxf4 25. gxf4 Qb5 26. Rd1 f6 27. Bf1 Rb8 28. Rc1 Qd7 29. Qf2 Rb5 30. Kh1 f5 31. a4 Ra5 32. Qxd4 Rxa4 33. Rc4 Rxc4 34. Qxc4 fxe4 35. dxe4 Qg4 36. e5 Qf3+ 37. Kg1 Qe3+ 38. Kg2 Qd2+ 39. Be2 Qb2 40. exd6 Qb6 41. d7 Nxd7 42. d6+ Kg7 43. Qc3+ Kf7 44. Bc4+ Kf8 45. Qh8# 1-0

[Event "Wch U18 Girls"]
[Site "Florianopolis"]
[Date "2024.10.31"]
[Round "3"]
[White "Tadic, Ana"]
[Black "Maton, Emily"]
[Result "1/2-1/2"]
[WhiteElo "1794"]
[BlackElo "1924"]
[PlyCount "81"]
[EventDate "2024.10.29"]
[EventType "swiss"]
[EventRounds "11"]
[EventCountry "BRA"]
[SourceTitle "CB45_2024"]
[Source "ChessBase"]
[SourceDate "2024.11.06"]
[SourceVersion "1"]
[SourceVersionDate "2024.11.06"]
[SourceQuality "1"]

1. e4 c5 2. Nc3 e6 3. f4 Nc6 4. Nf3 g6 5. Bb5 Nd4 6. 0-0 a6 7. Bd3 Bg7 8. f5 Nh6 9. Nxd4 Bxd4+ 10. Kh1 0-0 11. Qf3 Qh4 12. h3 c4 13. Bxc4 exf5 14. d3 Ng4 15. exf5 Ne5 16. Qe4 Qxe4 17. Nxe4 Nxc4 18. dxc4 d5 19. Nd6 dxc4 20. fxg6 hxg6 21. c3 Bg7 22. Nxc4 Be6 23. Nd6 Bd5 24. Bg5 Be5 25. Bf4 Bxd6 26. Bxd6 Rfe8 27. Rf2 Re6 28. Bc5 Rae8 29. b3 Be4 30. Rd1 Re5 31. Bd4 Rh5 32. Kh2 Bc6 33. Rdf1 f5 34. Rd2 Rh7 35. Kg3 Rhe7 36. Rf4 Re2 37. Rxe2 Rxe2 38. Rf2 Re4 39. a4 b5 40. axb5 axb5 41. b4 1/2-1/2

[Event "EU-ch U18 Girls"]
[Site "Prague"]
[Date "2024.08.30"]
[Round "8"]
[White "Diasamidze, Lulu"]
[Black "Maton, Emily"]
[Result "1/2-1/2"]
[WhiteElo "1905"]
[BlackElo "2005"]
[PlyCount "132"]
[EventDate "2024.08.22"]
[EventType "swiss"]
[EventRounds "9"]
[EventCountry "CZE"]
[SourceTitle "CBM 221 Extra"]
[Source "ChessBase"]
[SourceDate "2024.09.30"]
[SourceVersion "1"]
[SourceVersionDate "2024.09.30"]
[SourceQuality "1"]

1. e4 c5 2. Nf3 e6 3. d4 cxd4 4. Nxd4 Nf6 5. Nc3 Nc6 6. Nxc6 bxc6 7. e5 Nd5 8. Ne4 Qc7 9. f4 Qb6 10. c4 Bb4+ 11. Ke2 f5 12. Nf2 Ba6 13. Kf3 Ne7 14. Be3 Bc5 15. Bxc5 Qxc5 16. Qd6 Qb6 17. b3 Bb7 18. Rd1 Rd8 19. Nd3 Nc8 20. Qc5 d6 21. exd6 Rxd6 22. Qxb6 axb6 23. c5 Rd4 24. Be2 Ke7 25. cxb6 Nxb6 26. Nc5 Rxd1 27. Rxd1 Bc8 28. a4 Nd7 29. Rc1 e5 30. Nxd7 e4+ 31. Ke3 Bxd7 32. Rc5 Rb8 33. Bc4 Kd6 34. Ra5 Be6 35. Kd4 h6 36. Bxe6 Kxe6 37. Re5+ Kd6 38. Kc3 g6 39. g4 fxg4 40. Rxe4 c5 41. a5 Rb4 42. Re8 Rxf4 43. a6 Rf3+ 44. Kc4 Rf4+ 45. Kd3 Rf3+ 46. Ke2 Rf7 47. Rg8 Kd5 48. Rxg6 h5 49. Rg5+ Kd4 50. Rxh5 Rf6 51. a7 Ra6 52. Rh7 Ra2+ 53. Kf1 Ke3 54. Kg1 Kf3 55. Rf7+ Ke3 56. Kf1 Kd3 57. Rf4 Rxa7 58. Rxg4 Rb7 59. Rc4 Rxb3 60. Rxc5 Ke4 61. Rc2 Kf4 62. Kg2 Kg4 63. Ra2 Kh4 64. h3 Kh5 65. Ra6 Rb2+ 66. Kf3 Rb3+ 1/2-1/2

[Event "EU-ch U18 Girls"]
[Site "Prague"]
[Date "2024.08.29"]
[Round "7"]
[White "Maton, Emily"]
[Black "Skakun, Kateryna"]
[Result "1/2-1/2"]
[WhiteElo "2005"]
[BlackElo "1854"]
[PlyCount "86"]
[EventDate "2024.08.22"]
[EventType "swiss"]
[EventRounds "9"]
[EventCountry "CZE"]
[SourceTitle "CBM 221 Extra"]
[Source "ChessBase"]
[SourceDate "2024.09.30"]
[SourceVersion "1"]
[SourceVersionDate "2024.09.30"]
[SourceQuality "1"]

1. d4 Nf6 2. Bf4 g6 3. Nc3 Bg7 4. e4 d6 5. Qd2 0-0 6. 0-0-0 Nc6 7. f3 a6 8. Bh6 b5 9. h4 e5 10. dxe5 Nxe5 11. Bxg7 Kxg7 12. h5 Be6 13. f4 Neg4 14. f5 b4 15. Nd5 Nxd5 16. fxe6 Ndf6 17. exf7 Rxf7 18. hxg6 hxg6 19. Be2 Nxe4 20. Qd4+ Ngf6 21. Qe3 Rf8 22. Bd3 d5 23. Qh6+ Kf7 24. Nf3 Qd6 25. Ng5+ Nxg5 26. Bxg6+ Ke7 27. Qxg5 Kd7 28. Bf5+ Kc6 29. Rhe1 Rae8 30. Bg6 Rxe1 31. Rxe1 Rg8 32. Qf5 Ne4 33. Bf7 Rxg2 34. Bxd5+ Qxd5 35. Qxe4 Qxe4 36. Rxe4 Kb5 37. b3 a5 38. Kb2 c5 39. Re8 Rh2 40. Rb8+ Kc6 41. Rc8+ Kb6 42. Rb8+ Kc6 43. Rc8+ Kd5 1/2-1/2

[Event "EU-ch U18 Girls"]
[Site "Prague"]
[Date "2024.08.25"]
[Round "4"]
[White "Jovanovic, Anja"]
[Black "Maton, Emily"]
[Result "1/2-1/2"]
[WhiteElo "1870"]
[BlackElo "2005"]
[PlyCount "82"]
[EventDate "2024.08.22"]
[EventType "swiss"]
[EventRounds "9"]
[EventCountry "CZE"]
[SourceTitle "CBM 221 Extra"]
[Source "ChessBase"]
[SourceDate "2024.09.30"]
[SourceVersion "1"]
[SourceVersionDate "2024.09.30"]
[SourceQuality "1"]

1. e4 c5 2. Nf3 Nc6 3. Bb5 g6 4. Bxc6 dxc6 5. h3 Bg7 6. d3 e5 7. Be3 b6 8. a4 a5 9. 0-0 Ne7 10. Qc1 h6 11. Na3 g5 12. Nc4 Ng6 13. b4 axb4 14. a5 b5 15. Nb6 Rxa5 16. Nxc8 Rxa1 17. Qxa1 Qxc8 18. Bxc5 f6 19. d4 g4 20. Nd2 gxh3 21. g3 h5 22. Qa7 Qd7 23. Qa8+ Kf7 24. Qa2+ Qe6 25. d5 cxd5 26. exd5 Qd7 27. Qb3 Kg8 28. d6+ Kh7 29. Qd3 Qc6 30. Ne4 Qd7 31. Qf3 Qg4 32. Qxg4 hxg4 33. d7 Rd8 34. Rd1 Nf8 35. Bxf8 Bxf8 36. Nxf6+ Kg6 37. Nxg4 Kf5 38. f3 Bc5+ 39. Kh2 Bd4 40. Rb1 Bc3 41. Rd1 Bd4 1/2-1/2

[Event "BCF-ch Atkins op"]
[Site "Hull"]
[Date "2024.07.28"]
[Round "5"]
[White "Maton, Emily"]
[Black "Samarakoon, Vivash Ransara"]
[Result "1/2-1/2"]
[WhiteElo "1982"]
[BlackElo "1987"]
[PlyCount "34"]
[EventDate "2024.07.26"]
[EventType "swiss"]
[EventRounds "5"]
[EventCountry "ENG"]
[SourceTitle "CBM 221 Extra"]
[Source "ChessBase"]
[SourceDate "2024.09.30"]
[SourceVersion "1"]
[SourceVersionDate "2024.09.30"]
[SourceQuality "1"]

1. d4 Nf6 2. c4 e6 3. Nc3 d5 4. cxd5 exd5 5. Bg5 Be7 6. e3 c6 7. Bd3 0-0 8. Nf3 Bg4 9. h3 Bh5 10. Be2 Ne4 11. Bxe7 Qxe7 12. Ne5 Bxe2 13. Qxe2 Nd7 14. Nxd7 Qxd7 15. Nxe4 dxe4 16. 0-0 Qe6 17. Rfc1 Rfd8 1/2-1/2

[Event "BCF-ch Atkins op"]
[Site "Hull"]
[Date "2024.07.27"]
[Round "2"]
[White "Pradhan, Abhishek"]
[Black "Maton, Emily"]
[Result "0-1"]
[WhiteElo "1811"]
[BlackElo "1982"]
[PlyCount "102"]
[EventDate "2024.07.26"]
[EventType "swiss"]
[EventRounds "5"]
[EventCountry "ENG"]
[SourceTitle "CBM 221 Extra"]
[Source "ChessBase"]
[SourceDate "2024.09.30"]
[SourceVersion "1"]
[SourceVersionDate "2024.09.30"]
[SourceQuality "1"]

1. d4 d5 2. c4 e6 3. Nc3 Nf6 4. Nf3 c5 5. dxc5 Bxc5 6. cxd5 Nxd5 7. Nxd5 Qxd5 8. Qxd5 exd5 9. e3 Nc6 10. a3 0-0 11. b4 Bb6 12. Bb2 Bf5 13. Bb5 a5 14. Bxc6 bxc6 15. Bd4 Rfb8 16. Kd2 Be4 17. Be5 Re8 18. Bd4 Reb8 19. Be5 Rb7 20. Rhc1 f6 21. Bc3 Bxf3 22. gxf3 Rc7 23. Rg1 Kf7 24. Rg4 axb4 25. Bxb4 c5 26. Bc3 Rca7 27. Rag1 g6 28. Bb2 Bc7 29. f4 Bd6 30. h4 Ke6 31. h5 gxh5 32. Rh4 c4 33. Rxh5 Bxa3 34. Bd4 Bb4+ 35. Ke2 Rf7 36. Rb1 Ra4 37. f3 c3 38. Kd3 Rc7 39. f5+ Kd6 40. Rh6 c2 41. Rxf6+ Ke7 42. Re6+ Kf7 43. Rf6+ Ke7 44. Re6+ Kd7 45. Rc1 Ra3+ 46. Ke2 Rb3 47. Bf6 Ba3 48. Rh1 c1Q 49. Rxh7+ Kc8 50. Re8+ Kb7 51. Rxc7+ Qxc7 0-1

[Event "BCF-ch Atkins op"]
[Site "Hull"]
[Date "2024.07.26"]
[Round "1"]
[White "Maton, Emily"]
[Black "Schweitzer, Zubin"]
[Result "1-0"]
[WhiteElo "1982"]
[BlackElo "1840"]
[PlyCount "105"]
[EventDate "2024.07.26"]
[EventType "swiss"]
[EventRounds "5"]
[EventCountry "ENG"]
[SourceTitle "CBM 221 Extra"]
[Source "ChessBase"]
[SourceDate "2024.09.30"]
[SourceVersion "1"]
[SourceVersionDate "2024.09.30"]
[SourceQuality "1"]

1. d4 d5 2. c4 c6 3. Nf3 Nf6 4. e3 dxc4 5. Bxc4 Bf5 6. Qb3 e6 7. Qxb7 Nbd7 8. Qxc6 Rc8 9. Qa4 Bd6 10. Nbd2 0-0 11. 0-0 Re8 12. Qd1 e5 13. dxe5 Nxe5 14. Ba6 Rb8 15. Nxe5 Bxe5 16. Nf3 Qxd1 17. Rxd1 Bxb2 18. Bxb2 Rxb2 19. Rd2 Reb8 20. Rad1 h6 21. Nd4 Bd7 22. Nb3 Rxd2 23. Rxd2 Be6 24. Rd3 Nd5 25. h3 Nb4 26. Rd6 Nxa6 27. Rxa6 Bxb3 28. axb3 Rxb3 29. Rxa7 Rb2 30. g4 g6 31. Kg2 Re2 32. Kg3 Re1 33. Ra5 Rg1+ 34. Kf3 Kg7 35. h4 Rb1 36. h5 Rb4 37. hxg6 Kxg6 38. Kg3 Re4 39. Ra6+ f6 40. Kf3 Re5 41. e4 Rg5 42. Rb6 Kg7 43. Kf4 Kf7 44. Rb7+ Kg6 45. Rb6 Kf7 46. f3 Kg6 47. Rd6 Kf7 48. Rd7+ Kg6 49. Rd5 Kf7 50. Rxg5 hxg5+ 51. Kf5 Ke7 52. e5 fxe5 53. Kxe5 1-0